Interesting Animal Facts Quiz - Statistics

General Stats
  • This quiz has been taken 116 times
  • The average score is 6 of 15
Answer Stats
Hint Answer % Correct
What is one of the only egg-laying mammals? Platypus | Echidna
92%
What % of cheetah cubs survive to adulthood? 5%
70%
What is the Latin name of humans? Homo Sapien
66%
What is the only country outside of Africa which lions naturally live in? India
58%
What type of whale is 52 Blue, the loneliest whale in the world? Blue Whale
52%
Which country has the most diverse wildlife? Brazil
51%
What is the most dangerous animal? Mosquito
49%
What organ can starfish turn inside out? Stomach
47%
What does the horned lizard shoot from its eyes as a defence mechanism? Blood
46%
What type of animal is a dik-dik? Antelope
40%
What type of stork can swallow baby crocodiles whole? Shoebill
10%
What is the most dangerous snake in the world, with its bite capable of killing up to 100 men? Inland Taipan
9%
What animal can cause bubbles generating temperatures of over 4400°C Pistol Shrimp
9%
What is the only animal to have gone extinct twice? Pyrenean ibex
4%
What is the loudest bird, which can produce sounds up to 132dB? Kakapo
1%
No matching quizzes found
Score Distribution
Percent of People with Each Score
Percentile by Number Answered
Your Score History
You have not taken this quiz